000 01300namaa2200265 a 4500
005 20160218164552.0
008 981117s2004 ck ab gr 00010 spa d
015 _ack-2004-xxxx
040 _aCO-BoBLA
_cCO-BoBLA
041 0 _aspa
_aeng
043 _as-ck---
082 0 4 _a338.98616
_bC65r
110 2 _aColombia.
_bMinisterio de Agricultura.
245 1 3 _aEl renacimiento de la Orinoquía alta de Colombia :
_bun megaproyecto para el mundo = The renaissance of the Orinoco river savannahs : a Colombian mega project for the world /
_cMinisterio de Agricultura y Desarrollo Rural.
246 1 4 _aThe renaissance of the Orinioco river savannahs : a Colombian mega project for the world
260 3 _aBogotá :
_bMinisterio de Agricultura y Desarrollo Rural,
_c[2004].
300 _a30 p. :
_bil., mapas ;
_c22 cm.
500 _aTexto bilingue : español-inglés.
650 1 6 _aPlanificación regional
_z Orinoquía (Región, Colombia)
650 _aDesarrollo económico
_z Orinoquía (Región, Colombia)
650 _aAgricultura
_z Orinoquía (Región, Colombia)
650 1 6 _aPalma africana
_x Cultivo
_z Orinoquía (Región, Colombia)
_v Proyectos.
651 6 _aOrinoquía (Region, Colombia)
_x Condiciones ambientales.
942 _2ddc
_cLIBRO
999 _c7049
_d7049